00998nam a2200229 i 4500003000900000005001700009007000300026008004100029040003000070041000800100082001800108100005500126245012800181264017600309300002700485336002700512337003400539338002800573500007500601500005500676700003700731DO-SdBNP20260318085600.0ta240910s2003 dr 000 0 spa d aDO-SdBNPbspacBNPHUerda aspa axxxbG9842221 aGutiérrez Félix, Euclides,d1936-eautor4aut.10aPor el equilibrio del mundo :bsesquicentenario del natalicio de José Martí /cEuclides Gutiérrez Félix, Tony Raful 1aSanto Domingo :bSecretaría de Estado de Cultura,bComisión Dominicana para la Conmemoración del sesquicentenario del nacimiento del Apóstol José Martí,c2003. a31 páginas ;c27 cm. atextobtxt2rdacontent asin mediación bn2rdamedia avolumenbnc2rdacarrier aIncluye datos biografícos de los expositores en las páginas 29-30. a150 aniversario del nacimiento de José Martí. 1 aRaful, Tony,d1951-eautor4aut.